Historia de la arquitectura en el Madrid de los Austrias (Record no. 76081)

MARC details
000 -LEADER
campo de control de longitud fija 00586nam a2200181 i 4500
001 - NÚMERO DE CONTROL
campo de control 76081
003 - IDENTIFICADOR DE NÚMERO DE CONTROL
campo de control ES-MaACL
007 - CAMPO FIJO DE DESCRIPCIÓN FÍSICA--INFORMACIÓN GENERAL
campo de control de longitud fija t|
008 - DATOS DE LONGITUD FIJA--INFORMACIÓN GENERAL
campo de control de longitud fija 040929s1984 sp ||||1| spa d
100 1# - ENTRADA PRINCIPAL--NOMBRE DE PERSONA
Nombre de persona Guerra de la Vega, Ramón.
9 (RLIN) 60510
245 10 - MENCIÓN DEL TÍTULO
Título Historia de la arquitectura en el Madrid de los Austrias
Resto del título : 1516-1700 /
Mención de responsabilidad, etc. Ramón Guerra de la Vega.
260 ## - PUBLICACIÓN, DISTRIBUCIÓN, ETC.
Lugar de publicación, distribución, etc. [S.l. :
Nombre del editor, distribuidor, etc. s.n.,
Fecha de publicación, distribución, etc. 1984] (
Lugar de fabricación/manufactura Madrid :
Fabricante Graficinco)
300 ## - DESCRIPCIÓN FÍSICA
Extensión 221 p., 22 lám. ;
Dimensiones 22 cm.
490 1# - MENCIÓN DE SERIE
Mención de serie Salon del Prado
830 0# - PUNTO DE ACCESO ADICIONAL DE SERIE-TÍTULO UNIFORME
Título uniforme Salon del Prado
9 (RLIN) 231275
852 ## - LOCALIZACIÓN
Ubicación ES-MaACL
Número de control de estantería L-6307
Sublocalización o colección R.107031
Holdings
Estatus retirado Estado de pérdida Estado de daño No para préstamo Biblioteca de origen Biblioteca actual Ubicación en estantería Fecha de adquisición Fuente de adquisición Total de préstamos Signatura topográfica completa Código de barras Visto por última vez Precio de reemplazo Tipo de ítem Koha
        Biblioteca del Ateneo de Madrid Biblioteca del Ateneo de Madrid Depósito 2 17/01/2008     L-6307 1079623 23/02/2023 23/02/2023 Libro impreso